Guide to takeovers and mergers : (Record no. 36065)

MARC details
000 -LEADER
fixed length control field 01982nam a22003257a 4500
005 - DATE AND TIME OF LATEST TRANSACTION
control field 20100514121044.0
010 ## - LCCN (DPL NO)
LC control number ENG-96065
020 ## - INTERNATIONAL STANDARD BOOK NUMBER
International Standard Book Number 9788180386237
Terms of availability 2195.00
035 ## - SYSTEM CONTROL NUMBER
System control number EN-79597
035 ## - SYSTEM CONTROL NUMBER
System control number B-424458-461
037 ## - SOURCE OF ACQUISITION
Source of stock number/acquisition DBAD/PUB
037 ## - SOURCE OF ACQUISITION
Source of stock number/acquisition Blueberry Books
082 ## - DEWEY DECIMAL CLASSIFICATION NUMBER
Classification number 346.730662
100 ## - MAIN ENTRY--PERSONAL NAME
Personal name Sridharan, N.R.
245 ## - TITLE STATEMENT
Title Guide to takeovers and mergers :
Statement of responsibility, etc by N.R.Sridharan [and] P.H.Arvindh Pandian
Remainder of title a complete guide to corporate restructuring, arrangements, compromises, demergers amalgamations and acquisitions /
250 ## - EDITION STATEMENT
Edition statement 3rd rev.& enl.ed.
260 ## - PUBLICATION, DISTRIBUTION, ETC. (IMPRINT)
Place of publication, distribution, etc Gurgaon
Name of publisher, distributor, etc Lexisnexis Butterworths
Date of publication, distribution, etc 2010
270 ## - ADDRESS
Address 14th Floor, Building No. 10, Tower-B, DLF Cyber city, Phase-II
City Gurgaon
Postal code 122002
300 ## - PHYSICAL DESCRIPTION
Extent xciii,2069p.
Dimensions 24cm (Hb)
500 ## - GENERAL NOTE
General note Includes index
650 ## - SUBJECT ADDED ENTRY--TOPICAL TERM
Topical term or geographic name as entry element Consolidation & Merger of Corporation
700 ## - ADDED ENTRY--PERSONAL NAME
Personal name Pandian, P.H. Arvindh
9 (RLIN) 17270
942 ## - ADDED ENTRY ELEMENTS (KOHA)
Source of classification or shelving scheme Dewey Decimal Classification
Item type English Books
Call number suffix SRI
Classification part 346.730662
Holdings
Withdrawn status Lost status Not for loan Collection code Home library Current library Date acquired Source of acquisition Cost, normal purchase price Full call number Barcode Copy number Cost, replacement price Koha item type
    Not For Loan Reference Central Library Central Library 21/06/2011 Blueberry Books/6310/11.3.11/7/4.3.11/22.3.11 2195.00 346.730662 SRI B-424458 1 2195.00 English Books
    Not For Loan Non-fiction D.B.Act.Division D.B.Act.Division 05/04/2010 DBAD/PUB 2195.00 346.730662 SRI EN-79598 1 2195.00 English Books
    Not For Loan Reference Karol Bagh Karol Bagh 21/06/2011 Blueberry Books/6310/11.3.11/7/4.3.11/22.3.11 2195.00 346.730662 SRI B-424461 1 2195.00 English Books
    Not For Loan Reference Patel Nagar Patel Nagar 21/06/2011 Blueberry Books/6310/11.3.11/7/4.3.11/22.3.11 2195.00 346.730662 SRI B-424459 1 2195.00 English Books
    Not For Loan Reference Sarojini Nagar Sarojini Nagar 21/06/2011 Blueberry Books/6310/11.3.11/7/4.3.11/22.3.11 2195.00 346.730662 SRI B-424460 1 2195.00 English Books

© Delhi Public Library
Hit Counter
free hit counter